Szeminárium a gyermekköltészet változásairól Markó Béla verseskötete kapcsán. {Despre poeziile lui Markó Béla}. [On Marko Béla's Poetries]
Elmentve itt :
| Szerző: | |
|---|---|
| Adatforrás: | Meister |
| Forrásdokumentuma: | Korunk. - 2002. 10, 106-109. |
| Nyelv: | magyar |
| Kulcsszavak: | irodalomkritika critica literara literary criticism MARKÓ Béla |
| LEADER | 00546nab a2200157 i 4500 | ||
|---|---|---|---|
| 001 | bibPRO00013284 | ||
| 008 | 080908s2002 xx hun | ||
| 040 | |a Sz1 | ||
| 041 | |a hun | ||
| 100 | 1 | |a VÉGH Balázs Béla | |
| 245 | 1 | 0 | |a Szeminárium a gyermekköltészet változásairól Markó Béla verseskötete kapcsán. {Despre poeziile lui Markó Béla}. [On Marko Béla's Poetries] |c VÉGH Balázs Béla |
| 695 | |a irodalomkritika | ||
| 695 | |a critica literara | ||
| 695 | |a literary criticism | ||
| 695 | |a MARKÓ Béla | ||
| 773 | 0 | |t Korunk. - |g 2002. 10, 106-109. | |